Influencia de las Clases Sociales en la Asamblea Legislativa /
Gespeichert in:
| 1. Verfasser: | |
|---|---|
| Körperschaft: | |
| Weitere Verfasser: | |
| Format: | Text |
| Veröffentlicht: |
San José:
UCR
|
| Tags: |
Tag hinzufügen
Keine Tags, Fügen Sie den ersten Tag hinzu!
|
MARC
| LEADER | 00000 a a2200000 04500 | ||
|---|---|---|---|
| 001 | 23234 | ||
| 003 | |||
| 040 | |||
| 090 | |a 160800 | ||
| 100 | |a Aguilera, Ma. Heydi | ||
| 110 | |a Universidad de Costa Rica. Escuela de Antropología y Sociología. Curso Introducción a la Sociología | ||
| 245 | |a Influencia de las Clases Sociales en la Asamblea Legislativa / |c Ma. Heydi Aguilera | ||
| 260 | |a San José: |b UCR | ||
| 300 | |a 33 p | ||
| 700 | |a Lizano, Olga |a Ulloa, Oscar | ||
| 999 | |c 16844 |d 16844 | ||
